00442nam a2200157Ia 4500008004100000020001500041041001200056082001600068100001800084245010500102250000800207260002500215300000800240650001600248700002000264221030s9999 xx 000 0 und d a8120311299 aEnglish a105.23bPro aJ. G. Proakis 0aDigital Signal Processing - Principles, Algorithms & Applicationscby J. G. Proakis, D. G. Manolakis a3rd bPHIaNew Delhic1999 a968 aBE Computer aD. G. Manolakis